Movies Quiz

Random Movies or Quote Quiz

Rocky Quotes Quiz Stats

 Plays Quiz not verified by Sporcle

Challenge
Share
Tweet
Embed
Score 0/13 Timer 07:00
0 Plays Today
% Correct
I did it!
88.1%
crap thunder!
14.3%
There is no tomorrow!
14.3%
Get up you son of a bitch! Cause Mickey loves ya.
11.9%
the ultimate meatball!
9.5%
he'll knock you to tomorrow Rock!
9.5%
he dies
7.1%
goddamn soup kitchen!
7.1%
till its over
7.1%
all this stuff in my pocket.
7.1%
I'm gonna put you through the street!
4.8%
some hurtin bombs!
4.8%
to think that you can win over Drago!
2.4%

You're not logged in!

Compare scores with friends on all Sporcle quizzes.
Join for Free
OR
Log In

You Might Also Like...

Show Comments

Extras

Created Jul 29, 2010ReportNominate
Tags:Quote Quiz, balboa, rocky

Top Quizzes Today


Score Distribution

Your Account Isn't Verified!

In order to create a playlist on Sporcle, you need to verify the email address you used during registration. Go to your Sporcle Settings to finish the process.

Report this User

Report this user for behavior that violates our Community Guidelines.

Details: